The philosophy and methodology of economics

Αποθηκεύτηκε σε:
Λεπτομέρειες βιβλιογραφικής εγγραφής
Άλλοι συγγραφείς: Caldwell, Bruce J. (Επιμελητής έκδοσης)
Μορφή: Βιβλίο
Γλώσσα:English
Δημοσίευση: Aldershot; Brookfield : Edward Elgar, 1993
Σειρά:International library of critical writings in economics ; ; 23
Elgar reference collection
Θέματα:
Ετικέτες: Προσθήκη ετικέτας
Δεν υπάρχουν, Καταχωρήστε ετικέτα πρώτοι!

MARC

LEADER 00000nam a2200000 i 4500
001 1/93349
008 940427s1993 eng d
020 |a 1-85278-385-0 
035 |l 10008800 
040 |a GR-MY-UA  |b gre  |e aacr 
041 0 |a eng 
082 0 |a 330 
245 1 4 |a The philosophy and methodology of economics /  |c Edited by Bruce J. Caldwell 
260 |a Aldershot; Brookfield :   |b Edward Elgar,   |c 1993 
300 |a v.1: 462 p.; v.2: 475 p.; v.3: 484 p.  |b tables; fig. 
490 1 |a International library of critical writings in economics  |v ; 23 
490 1 |a Elgar reference collection 
504 |a All volumes includes bibliographical references and index 
650 0 0 |a Economics. 
650 0 0 |a Economics  |x Philosophy. 
650 0 0 |a Economics  |x Methodology. 
700 1 |a Caldwell, Bruce J.  |4 edt 
830 0 |a International library of critical writings in economics ;  |v ; 23 
830 0 |a Elgar reference collection 
852 |a INST  |b LESVOS  |e 19940427  |h 330 PHI  |p 005100004423  |q 005100004423  |t BK  |y 0  |z v.3 
852 |a INST  |b LESVOS  |e 19940427  |h 330 PHI  |p 005100004424  |q 005100004424  |t BK  |y 0  |z v.2 
852 |a INST  |b LESVOS  |e 19940427  |h 330 PHI  |p 005100004425  |q 005100004425  |t BK  |y 0  |z v.1 
852 |a INST  |b LESVOS  |e 20000224  |h 330 PHI  |p 005100023902  |q 005100023902  |t BK  |y 0  |z v.1 
852 |a INST  |b LESVOS  |e 20000306  |h 330 PHI  |p 005100023903  |q 005100023903  |t BK  |y 0  |z v.2 
852 |a INST  |b LESVOS  |e 20000306  |h 330 PHI  |p 005100023908  |q 005100023908  |t BK  |y 0  |z v.3 
852 |a INST  |b LESVOS  |e 19940427  |h 330 PHI  |p 005100004423  |q 005100004423  |t BK  |v v.3:  |y 0  |z v.3 
852 |a INST  |b LESVOS  |e 19940427  |h 330 PHI  |p 005100004424  |q 005100004424  |t BK  |v v.2:  |y 0  |z v.2 
852 |a INST  |b LESVOS  |e 19940427  |h 330 PHI  |p 005100004425  |q 005100004425  |t BK  |v v.1:  |y 0  |z v.1 
852 |a INST  |b LESVOS  |e 20000224  |h 330 PHI  |p 005100023902  |q 005100023902  |t BK  |v v.1:  |y 0  |z v.1 
852 |a INST  |b LESVOS  |e 20000306  |h 330 PHI  |p 005100023903  |q 005100023903  |t BK  |v v.2:  |y 0  |z v.2 
852 |a INST  |b LESVOS  |e 20000306  |h 330 PHI  |p 005100023908  |q 005100023908  |t BK  |v v.3:  |y 0  |z v.3 
853 |a INST  |b LESVOS  |h 330 PHI 
909 |a Λ  |b 033903 
909 |a Λ  |b 033902 
909 |a Λ  |b 033904 
909 |a Λ  |b 074931 
909 |a Λ  |b 074932 
909 |a Λ  |b 074933 
922 |a 1ΕΛΗ  |b 200002  |c ΚΠΣ/ΠΜΣ  |d ΠΑΠΑΣΩΤΗΡΙΟΥ 
950 |a 157-1999-12-06